1037 1689 1149 1743 1282 1672 1083 1049 1099 1539 1567 1075 1391 1860 1266 1783 1986 1439 1674 1032 1226 1583 1960 1974 1568 1364 1696 1171 1232 1983 1682 1803 1237 1802 1424 1867 1539 1961 1082 1556 1445 1785 1359 1228 1986 1089 1977 1334 1134 1124 1971 1208 1441 1006 1102 1173 1483 1689 1913 1433 1128 1566 1416 1320 1036 1108 1436 1515 1486 1400 1085 1135 1531 1410 1743 1342 1366 1977 1809 1332 1741 1852 1758 1054 1889 1831 1028 1542 1792 1002 1796 1405 1253 1944 1679 1907 1717 1597 1125 BCNSPRNW ULIB Ver.6.0+V

เปลี่ยนเป็นภาษาไทย

Change to English
 แสดงรายละเอียดบรรณานุกรม
  กลับหน้าหลัก

Brief Record : Get Marc (ISO 2709) : E-mail record : QR code < ปิดหน้าต่าง
LEADER : 00000nam 2200000uu 4500
001    13399111882
003     ULIB
008    110627s2552||||th 000 0 tha d
020    9789744752192
090    นว.^bด969ค 2552
100 0  โดโรธี ฮาวเวล
245 00 คุณหนูยอดนักสืบ/^cโดโรธี ฮาวเวล
250    พิมพ์ครั้งที่ 1
260    กรุงเทพฯ :^bแพรวสำนักพิมพ์,^c2552
300    308 หน้า
945    ^p225^l0^i026027
995    ทศพร
999 ^a ใช้งานได้ทุกระบบ
รายการนี้ยังไม่มีแท็ก
คุณยังไม่ได้ล็อกอิน คุณสามารถมีกิจกรรมร่วมกับเว็บไซต์ได้ แต่ต้องล็อกอินก่อน ::
  ล็อกอิน

รายการสื่อสารสนเทศ

ลำดับที่ ประเภท เลขเรียก/บาร์โค้ด สถานที่ สถานะ
- ไม่พบข้อมูล -

BibComment


ยังไม่เคยถูกคอมเมนท์

คอมเมนท์ทรัพยากรรายการนี้
  คอมเมนท์: คุณหนูยอดนักสืบ โ..


 Copyright 2026. Bcnsprnw @Library